000 00443nam a2200193Ia 4500
005 20240823050014.0
008 240823s9999||||xx |||||||||||||| ||und||
041 _aENGLISH
082 _A658.1 N1
100 _aKathiresan S
245 0 _aBusiness Organisation
250 _a1st
260 _c1991
_b"Bhavani,Madras"
500 _aYES
650 _aManagement
_bManagement Studies
700 _a Radha
942 _cBK
999 _c216265
_d216265